The rape of the lock: an heroi - comical an heroi-comical poam in five cantos
Wedi'i Gadw mewn:
| Prif Awdur: | |
|---|---|
| Fformat: | Llyfr |
| Iaith: | Saesneg |
| Cyhoeddwyd: |
Nueva York
Dover
1968
|
| Cyfres: | Dover Books on Literature and Drama
|
| Pynciau: | |
| Tagiau: |
Ychwanegu Tag
Dim Tagiau, Byddwch y cyntaf i dagio'r cofnod hwn!
|
MARC
| LEADER | 00000nam a2200000 a 4500 | ||
|---|---|---|---|
| 001 | UCT3603 | ||
| 003 | CL-VaPUC | ||
| 008 | 961024e19680000US |||||||||||||||||eng|d | ||
| 082 | 0 | 4 | |a 741.092 |b POP |2 21 |
| 100 | 0 | |a Pope, Alexander |e author |9 372530 | |
| 245 | 1 | 4 | |a The rape of the lock: an heroi - comical an heroi-comical poam in five cantos |
| 300 | |a 47 p | ||
| 942 | |c BK | ||
| 945 | |d 19961024 00:00:00 |a rleighto | ||
| 260 | |a Nueva York |b Dover |c 1968 | ||
| 600 | 0 | 7 | |a BEARDSLEY, AUBREY |2 CL-VaPUC |9 265480 |
| 650 | 0 | |a Artistas |9 262026 | |
| 650 | 0 | |a Dibujos |9 264123 | |
| 650 | 7 | |a DIBUJO ARTISTICO |2 CL-VaPUC |9 357593 | |
| 583 | |a last modification |c 19961024 00:00:00 |k Rodrigo Vera | ||
| 490 | 0 | |a Dover Books on Literature and Drama | |
| 999 | |c 253182 |d 253180 | ||
| 952 | |0 0 |1 0 |4 0 |6 741_092000000000000_POP_1968 |7 0 |8 P |9 273830 |a BIBARQ |b BIBARQ |d 2019-11-19 |i 3244245 |o 741.092 POP 1968 |p 3244245 |r 2025-01-20 |w 2019-11-19 |y BK |k ARQ | ||